00358nam a2200169Ia 4500003000900000008004100009040001300050040001300063041000800076100002100084245002600105260002100131260000900152300000800161490001200169490000700181IT-RoPAU120407s9999 xx 000 0 und d aIT-RoPAU cIT-RoPAU aita aHenry Siekiewicz aIl guardiano sel faro aEdizioni Paoline c1959 c cm aMaestri v75